000
00299nam a22001337a 4500
008
171016b xxu||||| |||| 00| 0 eng d
020
_a
9780078650444
041
_a
eng
080
_a
33
100
_a
52
101
_a
eco
245
_a
ECONOMICS PRINCIPLES PRACTICE
_c
JAMES.D
942
_2
udc
_c
BK
999
_c
34172
_d
34172